[Event "RSA-ch U20 Girls"]
[Site "Cape Town"]
[Date "2019.12.08"]
[Round "2"]
[White "Strong, Davida"]
[Black "Claassen, Anke"]
[Result "0-1"]
[WhiteElo "1237"]
[BlackElo "1294"]
[PlyCount "160"]
[EventDate "2019.12.07"]
[EventType "tourn"]
[EventRounds "10"]
[EventCountry "RSA"]
[SourceTitle "CBM 193 Extra"]
[Source "ChessBase"]
[SourceDate "2020.01.31"]
[SourceVersion "1"]
[SourceVersionDate "2020.01.31"]
[SourceQuality "1"]

1. e4 e5 2. Nf3 Nc6 3. Bc4 Bc5 4. Nc3 d6 5. h3 Nf6 6. d3 h6 7. Be3 Bb6 8. 0-0 0-0 9. Re1 Ne7 10. d4 exd4 11. Bxd4 Bxd4 12. Nxd4 Ng6 13. Bd3 Nf4 14. Nce2 Nxd3 15. Qxd3 Re8 16. Ng3 Qd7 17. Ndf5 Qc6 18. Nd4 Qd7 19. Rad1 b6 20. Nf3 Qc6 21. b4 a6 22. e5 dxe5 23. Nxe5 Qb7 24. Nf3 Rxe1+ 25. Rxe1 Be6 26. a3 a5 27. b5 Re8 28. c4 Qc8 29. Kh2 Qd7 30. Qc2 Qd6 31. Qc3 Nh5 32. Qe5 Qxe5 33. Rxe5 Nxg3 34. Kxg3 Bd7 35. Rd5 Be6 36. Re5 Bd7 37. Rd5 Be6 38. Rd4 Kf8 39. Nd2 Ke7 40. f4 Rd8 41. Rxd8 Kxd8 42. Kf3 Kd7 43. Ke3 Kd6 44. Ne4+ Ke7 45. Nd2 f5 46. Kd3 Kd6 47. Kd4 Bf7 48. Nf3 Be6 49. Ne5 Bg8 50. Nc6 Bf7 51. Nd8 Bg8 52. Nc6 Bf7 53. Ne5 Bg8 54. Nf3 Be6 55. Nh4 Bd7 56. Ng6 Be6 57. Nf8 Bf7 58. Nh7 Bg8 59. Nf8 Bf7 60. Nh7 Ke7 61. c5 Bg8 62. cxb6 cxb6 63. Ke5 Bxh7 64. Kd5 Kd7 65. g4 fxg4 66. hxg4 Bd3 67. a4 Bc2 68. f5 Bxa4 69. Kc4 Bd1 70. Kd4 Bxg4 71. Ke4 a4 72. Kd4 Bxf5 73. Kc3 h5 74. Kb4 h4 75. Kxa4 h3 76. Kb4 h2 77. Kc4 h1Q 78. Kb4 Qc1 79. Kb3 Qc5 80. Ka4 Bc2# 0-1

[Event "RSA-ch U14 Girls"]
[Site "Bloemfontein"]
[Date "2016.03.24"]
[Round "9"]
[White "Gardiner, Noa Saxon"]
[Black "Claassen, Anke"]
[Result "1/2-1/2"]
[WhiteElo "1262"]
[BlackElo "1288"]
[PlyCount "72"]
[EventDate "2016.03.20"]
[EventType "swiss"]
[EventRounds "11"]
[EventCountry "RSA"]
[SourceTitle "CBM 171 Extra"]
[Source "ChessBase"]
[SourceDate "2016.04.26"]
[SourceVersion "1"]
[SourceVersionDate "2016.04.26"]
[SourceQuality "1"]

1. e4 e5 2. Nf3 Nc6 3. Bc4 Bc5 4. Nc3 Nf6 5. d3 h6 6. Be3 Bb6 7. 0-0 d6 8. h3 Be6 9. Bb3 0-0 10. Re1 Ne7 11. d4 Ng6 12. dxe5 dxe5 13. Bxe6 fxe6 14. Bxb6 axb6 15. Qxd8 Rfxd8 16. Rad1 Kf8 17. a3 Ke7 18. Rd2 Rd7 19. Red1 Rad8 20. Rxd7+ Rxd7 21. Rxd7+ Kxd7 22. Nd2 Ne7 23. f3 Nc6 24. Nc4 Ne8 25. Kf2 Nd6 26. Nxd6 cxd6 27. Ke3 Nd4 28. Kd3 Kc6 29. f4 Kd7 30. fxe5 dxe5 31. Ne2 Nc6 32. Nc3 Nd4 33. Ne2 Nc6 34. Ng3 g6 35. Kc4 Kc7 36. c3 Na5+ 1/2-1/2

[Event "RSA-ch U14 Girls"]
[Site "Bloemfontein"]
[Date "2016.03.21"]
[Round "3"]
[White "Oberholzer, Imarie"]
[Black "Claassen, Anke"]
[Result "1-0"]
[WhiteElo "1477"]
[BlackElo "1288"]
[PlyCount "101"]
[EventDate "2016.03.20"]
[EventType "swiss"]
[EventRounds "11"]
[EventCountry "RSA"]
[SourceTitle "CBM 171 Extra"]
[Source "ChessBase"]
[SourceDate "2016.04.26"]
[SourceVersion "1"]
[SourceVersionDate "2016.04.26"]
[SourceQuality "1"]

1. e4 e5 2. Nf3 Nc6 3. Bc4 Bc5 4. c3 Qe7 5. Bb3 d6 6. d3 h6 7. Nbd2 Nf6 8. Nf1 Bg4 9. h3 Bh5 10. Qe2 Bb6 11. Bc2 0-0 12. g4 Bg6 13. Ng3 Rad8 14. g5 h5 15. gxf6 Qxf6 16. Bg5 Qe6 17. Bxd8 Rxd8 18. h4 Qg4 19. 0-0-0 Qd7 20. Rdg1 a5 21. Ng5 d5 22. Nxh5 Bxf2 23. Qxf2 Bxh5 24. Qf5 Qxf5 25. exf5 d4 26. c4 Nb4 27. a3 Nxc2 28. Kxc2 Rd6 29. Ne4 Rc6 30. f6 g6 31. Rg5 Bf3 32. Rxe5 Kf8 33. Rf1 Bxe4 34. Rxe4 Rd6 35. Rff4 c5 36. Re5 b6 37. Rd5 Re6 38. Rd8+ Re8 39. Rxe8+ Kxe8 40. Re4+ Kd7 41. Re7+ Kd6 42. Rxf7 Ke6 43. Rf8 Kd6 44. Rg8 Ke6 45. Rxg6 Kd6 46. h5 Ke6 47. h6 Kd6 48. h7 Ke6 49. h8Q Kd6 50. Qh5 Ke6 51. Qd5# 1-0

[Event "RSA-ch U14 Girls"]
[Site "Bloemfontein"]
[Date "2016.03.20"]
[Round "1"]
[White "Michaels, Carla Jesse"]
[Black "Claassen, Anke"]
[Result "0-1"]
[WhiteElo "1069"]
[BlackElo "1288"]
[PlyCount "154"]
[EventDate "2016.03.20"]
[EventType "swiss"]
[EventRounds "11"]
[EventCountry "RSA"]
[SourceTitle "CBM 171 Extra"]
[Source "ChessBase"]
[SourceDate "2016.04.26"]
[SourceVersion "1"]
[SourceVersionDate "2016.04.26"]
[SourceQuality "1"]

1. e4 e5 2. Nf3 Nc6 3. Bc4 Bc5 4. Nc3 Nf6 5. d3 h6 6. 0-0 d6 7. h3 Be6 8. Bxe6 fxe6 9. Re1 0-0 10. Bd2 Qe7 11. Rf1 Bb6 12. Qe2 Nd4 13. Qd1 Nh7 14. Nh2 Qf7 15. f4 Nxc2+ 16. Kh1 Nxa1 17. Qxa1 Qg6 18. Qc1 exf4 19. Bxf4 Nf6 20. Qd2 Nh5 21. Ne2 e5 22. Be3 Rxf1+ 23. Nxf1 Rf8 24. Nh2 Ng3+ 25. Nxg3 Qxg3 26. Bxb6 axb6 27. Kg1 Qf4 28. Qe1 Ra8 29. a3 Ra5 30. Qd1 Rc5 31. Qe2 Qc1+ 32. Nf1 Rc2 33. Qf3 Rxb2 34. Qf5 Qg5 35. Qf3 Ra2 36. d4 exd4 37. Qb3+ Kh8 38. Qxa2 Qc1 39. a4 d3 40. Qf2 Qc5 41. Ne3 Qc1+ 42. Kh2 Qc5 43. Qf8+ Kh7 44. Nf5 Qe5+ 45. Kg1 d2 46. Ne3 Qxe4 47. Qf2 Qxe3 48. Qxe3 d1Q+ 49. Kh2 Qxa4 50. Qe7 Qf4+ 51. Kg1 Qc1+ 52. Kh2 Qc4 53. h4 Qf4+ 54. Kh3 Qf5+ 55. Kh2 Qe5+ 56. Qxe5 dxe5 57. g4 b5 58. Kg3 b4 59. Kf3 b3 60. Ke4 b2 61. Kxe5 b1Q 62. Ke6 Qb5 63. h5 Qc5 64. Kd7 Qd6+ 65. Ke8 Kg8 66. g5 Qe6+ 67. Kd8 hxg5 68. Kxc7 Qd5 69. Kb6 Qc4 70. Kxb7 Qc5 71. h6 gxh6 72. Kb8 Kf7 73. Kb7 Ke7 74. Ka6 Qb4 75. Ka7 Kd7 76. Ka8 Kc7 77. Ka7 Qb7# 0-1

[Event "RSA-ch U12 Girls"]
[Site "Waterkloof"]
[Date "2015.04.08"]
[Round "7"]
[White "Visser, Nadine"]
[Black "Claassen, Anke"]
[Result "1-0"]
[WhiteElo "973"]
[BlackElo "1078"]
[PlyCount "49"]
[EventDate "2015.04.04"]
[EventType "swiss"]
[EventRounds "9"]
[EventCountry "RSA"]
[SourceTitle "CBM 166 Extra"]
[Source "ChessBase"]
[SourceDate "2015.06.18"]
[SourceVersion "1"]
[SourceVersionDate "2015.06.18"]
[SourceQuality "1"]

1. e4 e5 2. Nf3 Nc6 3. Bb5 a6 4. Ba4 Bc5 5. 0-0 d6 6. c3 Bg4 7. d4 exd4 8. cxd4 Bxf3 9. gxf3 b5 10. dxc5 bxa4 11. cxd6 Qxd6 12. Qxd6 cxd6 13. Nc3 a3 14. bxa3 Nd4 15. Kg2 Nc2 16. Rb1 Nxa3 17. Bxa3 Ke7 18. e5 Nh6 19. Nd5+ Kd8 20. exd6 Re8 21. Nc7 Rc8 22. Nxe8 Kxe8 23. Rfe1+ Kf8 24. d7+ Kg8 25. dxc8Q# 1-0

[Event "RSA-ch U12 Girls"]
[Site "Waterkloof"]
[Date "2015.04.06"]
[Round "4"]
[White "Schmidt, Nadia Esmeralda"]
[Black "Claassen, Anke"]
[Result "1-0"]
[WhiteElo "1374"]
[BlackElo "1078"]
[PlyCount "119"]
[EventDate "2015.04.04"]
[EventType "swiss"]
[EventRounds "9"]
[EventCountry "RSA"]
[SourceTitle "CBM 166 Extra"]
[Source "ChessBase"]
[SourceDate "2015.06.18"]
[SourceVersion "1"]
[SourceVersionDate "2015.06.18"]
[SourceQuality "1"]

1. Nf3 f5 2. g3 Nc6 3. d4 d5 4. Bg2 e6 5. 0-0 Nf6 6. c3 Bd6 7. Bg5 0-0 8. Nbd2 h6 9. Bxf6 Qxf6 10. e3 Ne7 11. Qe2 Ng6 12. Nb3 Bd7 13. a4 Rac8 14. Rfd1 Be8 15. Nc1 c5 16. dxc5 Bxc5 17. Nb3 Bd6 18. Nbd4 Ne7 19. Nb5 Bb8 20. Nbd4 Bh5 21. Qd2 e5 22. Ne2 e4 23. Nfd4 Nc6 24. Nxc6 bxc6 25. Re1 Qg5 26. Nd4 Qg6 27. Ne2 Bf3 28. Nf4 Bxf4 29. exf4 Qh5 30. Qe3 g5 31. h3 Rc7 32. Kh2 gxf4 33. Qxf4 Rg7 34. Kg1 Qg5 35. Qxg5 Rxg5 36. Bxf3 exf3 37. Re3 f4 38. Rxf3 fxg3 39. Rxg3 Rxg3+ 40. fxg3 Rf3 41. Kg2 Rd3 42. Rf1 Kg7 43. Rf3 Rd2+ 44. Rf2 Rd3 45. Rc2 Kg6 46. Re2 Kf5 47. g4+ Kg5 48. Re5+ Kf4 49. Rf5+ Ke4 50. h4 Rd2+ 51. Rf2 Rxf2+ 52. Kxf2 Kf4 53. g5 hxg5 54. hxg5 Kxg5 55. Ke3 c5 56. b3 a5 57. b4 cxb4 58. cxb4 axb4 59. a5 b3 60. Kd3 1-0